Procesy przejęć i fuzji w polskich banków komercyjnych w warunkach członkostwa Polski w Unii Europejskiej na przykładach polskiego sektora bankowego w latach 2000-2005 / (Rekord nr 8643)
| 000 -ETYKIETA REKORDU | |
|---|---|
| podpole kontrolne o stałej długości | 01056naa a2200169 i 4500 |
| 003 - IDENTYFIKATOR NUMERU KONTROLNEGO REKORDU | |
| podpole kontrolne | KOSZ 005 |
| 005 - DATA OSTATNIEJ MODYFIKACJI REKORDU | |
| podpole kontrolne | 20180418091855.0 |
| 008 - POLE O STAŁEJ DŁUGOŚCI - DANE KONTROLNE | |
| podpole kontrolne o stałej długości | 180222s2007 pl ||||f |||| 00| 0 pol d |
| 040 ## - ŹRÓDŁO KATALOGOWANIA | |
| Instytucja, która sporządziła opis | KOSZ 005 |
| Instytucja, która utworzyła rekord | KOSZ 005 |
| Instytucja, która dokonała modyfikacji | KOSZ 005/HR |
| 100 ## - NAZWA OSOBOWA | |
| Nazwa osobowa | KLONOWSKA-MATYNIA, Maria. |
| Lata pracy | 1999 - |
| Instytucja | Politechnika Koszalińska - Wydział Nauk Ekonomicznych, |
| Wydział | Katedra Ekonomii |
| 245 10 - TYTUŁ/ODPOWIEDZIALNOŚĆ | |
| Tytuł | Procesy przejęć i fuzji w polskich banków komercyjnych w warunkach członkostwa Polski w Unii Europejskiej na przykładach polskiego sektora bankowego w latach 2000-2005 / |
| Pozostałe elementy strefy tytułu i oznaczenia odpowiedzialności | Maria Klonowska-Matynia, Kamila Radlińska. |
| 655 #0 - TERMIN INDEKSOWY - OKREŚLENIE RODZAJU/FORMY DOKUMENTU | |
| Określnie rodzaju/formy dokumentu | Materiały konferencyjne. |
| 700 ## - HASŁO DODATKOWE - NAZWA OSOBOWA | |
| Nazwa osobowa | RADLIŃSKA, Kamila. |
| Instytucja | Politechnika Koszalińska - Wydział Ekonomii i Zarządzania |
| Lata pracy | 2004 - 2011. |
| 711 22 - HASŁO DODATKOWE - NAZWA IMPREZY | |
| Nazwa imprezy | TRANS '07 |
| Data imprezy | (2007 ; |
| Miejsce imprezy | Warszawa) |
| 773 0# - TYTUŁ DOKUMENTU MACIERZYSTEGO | |
| Wyrażenie wprowadzające | W : |
| Tytuł | Tworzenie wartości przedsiębiorstwa na rynku Unii Europejskiej / pod red. Haliny Brdulak, Elżbiety Duliniec, Tomasza Gołębiowskiego. - |
| Adres wydawniczy | Warszawa : Szkoła Główna Handlowa. Oficyna Wydawnicza, 2007. - |
| Informacje dotyczące relacji | s. 517-524. |
| 942 ## - HASŁO DODATKOWE - ELEMENTY(KOHA) | |
| Schemat klasyfikacji | Uniwersalna klasyfikacja dziesiętna |
| Typ dokumentu | Rozdział |
Brak dostępnych egzemplarzy.
